Music Quiz

Random Music or Rock Quiz

1980s Rock (Audio) Quiz Stats

 Plays Quiz not verified by Sporcle

Challenge
Share
Tweet
Score 0/30 Timer 11:00
0 Plays Today
Interval Song % Correct
0:20Another One Bites The Dust
94.1%
3:00Wanted Dead Or Alive
78.5%
0:40Jessie's Girl
76.4%
2:30Money For Nothing
72.2%
1:40Love Is A Battlefield
69.9%
3:30Dude (Looks Like A Lady)
68.8%
1:50Sunday Bloody Sunday
68.3%
1:10Rock The Casbah
68%
0:50Tom Sawyer
67%
4:10Every Rose Has Its Thorn
66.8%
1:20Jenny (867-5309)
66.7%
3:50Here I Go Again
65%
0:10Ace Of Spades
63.5%
1:00Heat Of The Moment
59.2%
0:30For Those About To Rock (We Salute You)
56.3%
Interval Song % Correct
2:20I Wanna Rock
53.7%
4:50I Won't Back Down
53.5%
3:20Master Of Puppets
52.1%
0:00Against The Wind
48.3%
2:00Drive
43.3%
4:40Rockin In The Free World
40.8%
3:10Hip To Be Square
38.2%
4:20Simply Irresistible
37.7%
2:50These Dreams
32%
1:30The Trooper
31%
3:40My Michelle
24.3%
4:00The Flame
23.5%
2:10Middle Of The Road
14.6%
2:40Forever Man
12.9%
4:30From Out Of Nowhere
5.3%

You're not logged in!

Compare scores with friends on all Sporcle quizzes.
Join for Free
OR
Log In

You Might Also Like...

Show Comments

Extras

Top Quizzes Today


Score Distribution

Your Account Isn't Verified!

In order to create a playlist on Sporcle, you need to verify the email address you used during registration. Go to your Sporcle Settings to finish the process.

Report this User

Report this user for behavior that violates our Community Guidelines.

Details: